[Event "Euro Online U2300 Day 1"]
[Site "chess.com INT"]
[Date "2020.05.25"]
[Round "3"]
[White "Khazieva, Elza"]
[Black "Mitic, Milan"]
[Result "1-0"]
[WhiteTitle "WFM"]
[WhiteElo "2016"]
[BlackElo "1993"]
[WhiteFideId "4100166"]
[BlackFideId "945560"]
[EventDate "2020.05.25"]

1. e4 c5 2. Nf3 Nc6 3. d3 g6 4. g3 Bg7 5. Bg2 d6 6. O-O Nf6 7. Re1 O-O 8. e5 Ng4
9. exd6 exd6 10. Nc3 Nge5 11. Nxe5 Nxe5 12. h3 Rb8 13. a4 Be6 14. Nd5 Bd7 15.
Bd2 Bc6 16. Bc3 Qd7 17. Kh2 Bxd5 18. Bxd5 Qf5 19. f4 Ng4+ 20. hxg4 Qxd5 21. Bxg7
Kxg7 22. g5 Qd4 23. c3 Qf2+ 24. Kh3 Rfe8 25. Rf1 Qxb2 26. Qc1 Qxc1 27. Rfxc1 Re3
28. d4 c4 29. Rab1 f6 30. Rb4 h6 31. gxf6+ Kxf6 32. Rxc4 Rbe8 33. Rc7 R8e7 34.
Rc8 Rd3 35. Rf8+ Kg7 36. Rd8 Ree3 37. Rd7+ Kf6 38. Rxd6+ Kf5 39. Rg1 Rxc3 40.
Rd7 Rb3 41. Rf7+ Ke6 42. Rg7 Kf6 43. Rd7 Red3 44. d5 Rd4 45. Re1 Rbd3 46. Re6+
Kf5 47. Rf7# 1-0

[Event "Euro Online U2300 Day 1"]
[Site "chess.com INT"]
[Date "2020.05.25"]
[Round "3"]
[White "Protopopova, Anastasiya"]
[Black "Lagumina, Giulio"]
[Result "1-0"]
[WhiteTitle "WFM"]
[BlackTitle "FM"]
[WhiteElo "2192"]
[BlackElo "2199"]
[WhiteFideId "24172073"]
[BlackFideId "800619"]
[EventDate "2020.05.25"]

1. d4 d5 2. c4 c6 3. Nf3 Nf6 4. Nc3 e6 5. Bg5 Nbd7 6. e3 Qa5 7. cxd5 Nxd5 8. Qc2
Bb4 9. Rc1 Nxc3 10. bxc3 Ba3 11. Rb1 b6 12. Bd3 Ba6 13. O-O Bxd3 14. Qxd3 O-O
15. e4 Rfe8 16. e5 Bf8 17. Rb2 c5 18. Rd1 cxd4 19. cxd4 Rac8 20. h3 h6 21. Bd2
Qd5 22. Be3 Red8 23. Qb1 Nc5 24. Rb5 a6 25. Rxb6 Na4 26. Rxa6 Nc3 27. Qd3 Nxd1
28. Qxd1 Ra8 29. Rxa8 Rxa8 30. a4 Qc4 31. Nd2 Qxa4 32. Qg4 Kh8 33. Qh5 Ra7 34.
Ne4 Qc2 35. Qh4 Ra8 36. Qf4 Qc7 37. Kh2 Qe7 38. Qf3 Rd8 39. Qe2 f5 40. exf6 gxf6
41. Qh5 Qc7+ 42. Kg1 Qg7 43. Qh4 Rd5 44. Qxf6 Qxf6 45. Nxf6 Rb5 46. Nd7 Bd6 47.
g3 Kg7 48. Nc5 Bxc5 49. dxc5 h5 50. h4 Kf6 51. c6 Rb3 52. c7 1-0

[Event "Euro Online U2300 Day 1"]
[Site "chess.com INT"]
[Date "2020.05.25"]
[Round "3"]
[White "Kopylov, Daniel"]
[Black "Guliev, Logman"]
[Result "0-1"]
[BlackTitle "IM"]
[WhiteElo "2348"]
[BlackElo "2273"]
[WhiteFideId "12921971"]
[BlackFideId "13400061"]
[EventDate "2020.05.25"]

1. e4 c5 2. Nf3 d6 3. d4 cxd4 4. Nxd4 Nf6 5. Nc3 a6 6. Be3 e5 7. Nf3 h6 8. Bc4
Be7 9. O-O O-O 10. Qe2 Qc7 11. Rfd1 Be6 12. Bb3 Nbd7 13. Nh4 Bxb3 14. axb3 Rfd8
15. Nf5 Bf8 16. Qf3 Re8 17. Rd2 Re6 18. Ra4 Nc5 19. Bxc5 dxc5 20. Nd5 Nxd5 21.
exd5 Rf6 22. Qg4 Rd8 23. Ra1 Qd7 24. Ne3 Qe8 25. Rad1 e4 26. h4 Bd6 27. h5 Qe5
28. g3 b5 29. Qh4 Qg5 30. Qxg5 hxg5 31. Ng4 Rf3 32. Re1 Bxg3 33. fxg3 Rxg3+ 34.
Rg2 Rxg2+ 35. Kxg2 f5 36. Ne3 f4 37. Nf5 Kf7 38. Rxe4 Rxd5 39. Ne7 Rd2+ 40. Kf3
Rxc2 41. Nd5 Rxb2 42. Kg4 Rd2 43. Re7+ Kf8 44. Rd7 c4 45. Kf5 Re2 46. bxc4 bxc4
47. Kg6 Re6+ 48. Kxg5 f3 49. Rd8+ Kf7 50. Rd7+ Ke8 51. Rxg7 Re5+ 52. Kg4 f2 53.
h6 f1=Q 0-1

[Event "Euro Online U2300 Day 1"]
[Site "chess.com INT"]
[Date "2020.05.25"]
[Round "3"]
[White "Riabov, Alexander"]
[Black "Abdullayev, Azer"]
[Result "0-1"]
[WhiteElo "2004"]
[BlackElo "2039"]
[WhiteFideId "14906562"]
[BlackFideId "13403400"]
[EventDate "2020.05.25"]

1. e4 e5 2. Nf3 Nc6 3. d4 exd4 4. Bc4 Nf6 5. O-O Nxe4 6. Re1 d5 7. Bxd5 Qxd5 8.
Nc3 Qa5 9. Nxe4 Be6 10. Neg5 O-O-O 11. Nxe6 fxe6 12. Rxe6 Be7 13. Qe2 Bf6 14.
Bd2 d3 15. cxd3 Qf5 16. Bc3 Bxc3 17. bxc3 Qxd3 18. Rc1 Qxe2 19. Rxe2 Rhe8 20.
Kf1 Rxe2 21. Kxe2 Rd5 22. Rd1 Ra5 23. Rd2 Ra3 24. Rc2 Kd7 25. Nd2 b5 26. Nb3 a5
27. Kd2 Kd6 28. Kc1 Ra4 29. Rd2+ Ke7 30. Re2+ Kf7 31. Kb2 Rc4 32. Rd2 a4 33. Nc1
Ne5 34. Nd3 Nxd3+ 35. Rxd3 Ke6 36. Re3+ Kd6 37. Kc2 b4 38. Kd2 b3 39. axb3 axb3
40. Kc1 Rf4 41. Kb2 Rxf2+ 42. Kxb3 Rxg2 43. h3 h5 44. Kc4 h4 45. Kd4 Rg3 46.
Rxg3 hxg3 47. Ke3 Kc5 48. Kf3 Kc4 49. Ke3 Kxc3 50. Kf3 c5 51. Kxg3 c4 0-1

[Event "Euro Online U2300 Day 1"]
[Site "chess.com INT"]
[Date "2020.05.25"]
[Round "3"]
[White "Gaboyan, Susanna"]
[Black "Pham, Khoi"]
[Result "1/2-1/2"]
[WhiteTitle "WIM"]
[WhiteElo "2211"]
[BlackElo "2048"]
[WhiteFideId "13303627"]
[BlackFideId "1054988"]
[EventDate "2020.05.25"]

1. Nf3 d6 2. g3 g6 3. Bg2 Bg7 4. O-O e5 5. d3 Nc6 6. Nc3 Nge7 7. e4 O-O 8. Ng5
h6 9. Nh3 Be6 10. f4 Qd7 11. Nf2 exf4 12. Bxf4 g5 13. Bd2 Ng6 14. Nd5 Nce5 15.
Bc3 c6 16. Ne3 d5 17. d4 Nc4 18. Nxc4 dxc4 19. e5 a5 20. Ne4 b5 21. a3 Rab8 22.
Nf6+ Bxf6 23. Rxf6 b4 24. axb4 axb4 25. Be1 Rfd8 26. Bf2 c5 27. d5 Nxe5 28. Bxc5
Rb5 29. Bd4 Rxd5 30. Bxd5 Qxd5 31. c3 Bh3 32. Qe2 Ng4 33. Rfa6 bxc3 34. bxc3 Qf5
35. Qxc4 Qe4 36. R6a2 Re8 37. Rf1 Bxf1 38. Qxf1 Ne5 39. Re2 Nf3+ 40. Kf2 Qxe2+
41. Qxe2 Rxe2+ 42. Kxe2 Nxd4+ 43. cxd4 f5 44. Kd3 Kf7 45. Kc4 Ke6 46. d5+ Kd6
47. Kd4 h5 48. h3 f4 49. gxf4 gxf4 50. Ke4 f3 51. Kxf3 Kxd5 52. Kf4 Ke6 53. Kg5
Kf7 54. Kxh5 Kg8 55. Kg5 Kh8 56. h4 Kg8 1/2-1/2

[Event "Euro Online U2300 Day 1"]
[Site "chess.com INT"]
[Date "2020.05.25"]
[Round "3"]
[White "Kiolbasa, Oliwia"]
[Black "Bulatov, Ramil"]
[Result "1-0"]
[WhiteTitle "WIM"]
[WhiteElo "2160"]
[BlackElo "2222"]
[WhiteFideId "1154613"]
[BlackFideId "4166140"]
[EventDate "2020.05.25"]

1. e4 e6 2. d4 d5 3. Nc3 Nf6 4. e5 Nfd7 5. f4 c5 6. Nf3 Nc6 7. Be3 a6 8. Qd2 b5
9. dxc5 Bxc5 10. Bd3 Bb7 11. Bf2 Qb6 12. O-O O-O 13. Rae1 Rae8 14. Nd1 f6 15.
exf6 Nxf6 16. Ng5 Bc8 17. Kh1 e5 18. fxe5 Nxe5 19. Bxh7+ Kh8 20. Bxc5 Qxc5 21.
Bf5 Bxf5 22. Rxf5 Neg4 23. Ref1 Ne4 24. Nxe4 dxe4 25. Qg5 Rxf5 26. Rxf5 Rf8 27.
Rxf8+ Qxf8 28. Kg1 Nf6 29. Ne3 Qd8 30. h3 Qd4 31. c3 Qd2 32. Kh2 Qd6+ 33. Qg3
Qe6 34. b3 Kg8 35. c4 bxc4 36. bxc4 Qc6 37. Qb8+ Kh7 38. Qf4 Kg8 39. Qe5 Kf7 40.
c5 Nd7 41. Qf5+ Kg8 42. Nd5 Kh8 43. Qh5+ Qh6 44. Qe8+ Kh7 45. Qxd7 e3 46. Qf5+
Kh8 47. Qe5 1-0

[Event "Euro Online U2300 Day 1"]
[Site "chess.com INT"]
[Date "2020.05.25"]
[Round "3"]
[White "Jeran, Bostjan"]
[Black "Skalsky, Alexandr"]
[Result "0-1"]
[WhiteTitle "CM"]
[WhiteElo "2205"]
[BlackElo "2251"]
[WhiteFideId "14604612"]
[BlackFideId "381799"]
[EventDate "2020.05.25"]

1. e4 c5 2. Nf3 d6 3. d3 g6 4. g3 Bg7 5. Bg2 Nc6 6. O-O e5 7. a4 Nge7 8. Na3 O-O
9. Nc4 f5 10. c3 h6 11. a5 Be6 12. Qa4 Rb8 13. Nfd2 f4 14. Re1 Qd7 15. f3 fxg3
16. hxg3 g5 17. Nf1 Ng6 18. Nce3 Kh7 19. Qd1 Rf7 20. Nh2 Rbf8 21. Bd2 Qd8 22. a6
b5 23. Qe2 Na5 24. Ra3 Qb6 25. b4 cxb4 26. cxb4 Nc6 27. Bc3 Nd4 28. Bxd4 exd4
29. Neg4 h5 30. Nf2 h4 31. gxh4 Nf4 32. Qf1 gxh4 33. Nfg4 Qd8 34. Bh3 Qg5 35.
Kh1 Nxh3 36. Qxh3 Be5 37. Rg1 Bxh2 38. Qxh2 Rxf3 39. Nf2 Rg3 40. Raa1 Rxf2 41.
Qxf2 Rh3+ 42. Qh2 Rxh2+ 43. Kxh2 Qf4+ 44. Kh1 Qf3+ 45. Rg2 h3 46. Rg1 hxg2+ 47.
Rxg2 Bh3 0-1

[Event "Euro Online U2300 Day 1"]
[Site "chess.com INT"]
[Date "2020.05.25"]
[Round "3"]
[White "Arias Igual, Alejandro"]
[Black "Zvereva, Margarita"]
[Result "1-0"]
[WhiteTitle "FM"]
[BlackTitle "WFM"]
[WhiteElo "2214"]
[BlackElo "1929"]
[WhiteFideId "2254905"]
[BlackFideId "34177741"]
[EventDate "2020.05.25"]

1. d4 d5 2. Bf4 e6 3. e3 Nf6 4. Nf3 Bd6 5. Bg3 O-O 6. Nbd2 c5 7. c3 Qc7 8. Bd3
b6 9. Qe2 Bb7 10. Ne5 Nbd7 11. f4 Ne4 12. O-O f6 13. Nxd7 Qxd7 14. Nxe4 dxe4 15.
Bc4 Kh8 16. Rfd1 Qe7 17. Qg4 f5 18. Qh5 cxd4 19. cxd4 Rac8 20. Rac1 Rc7 21. Bh4
Qd7 22. Bb3 Bd5 23. Bxd5 exd5 24. Qe2 Rfc8 25. Qd2 h6 26. h3 Qb5 27. Bf2 Bb4 28.
Rxc7 Rxc7 29. a4 Qc4 30. b3 Qxb3 31. Qe2 Rc2 32. Qh5 Qxa4 33. Qxf5 Qc6 34. Bh4
a5 35. Qe5 a4 36. f5 Qd6 37. Qe8+ Kh7 38. f6 Qf8 39. Qe6 Ba3 40. Qf5+ Kh8 41.
fxg7+ Qxg7 42. Bf6 Rxg2+ 43. Kh1 Rg5 44. Bxg7+ Kxg7 45. Qd7+ Kg6 46. Rf1 Bb2 47.
Qf7# 1-0

[Event "Euro Online U2300 Day 1"]
[Site "chess.com INT"]
[Date "2020.05.25"]
[Round "3"]
[White "Cech, Dominik"]
[Black "Koutlas, Nikolaos"]
[Result "1/2-1/2"]
[WhiteElo "2137"]
[BlackElo "2032"]
[WhiteFideId "14908212"]
[BlackFideId "25827138"]
[EventDate "2020.05.25"]

1. e4 e6 2. d4 d5 3. Bd3 c5 4. exd5 Qxd5 5. Nc3 Qxd4 6. Nf3 Qd8 7. Bf4 a6 8. Qe2
Nc6 9. O-O-O Bd7 10. Nd5 Rc8 11. Rhe1 Nge7 12. Nxe7 Bxe7 13. Ne5 Nxe5 14. Bxe5
Bf6 15. f4 Qa5 16. Bxf6 gxf6 17. Kb1 Bb5 18. Qg4 Bxd3 19. Rxe6+ Kf8 20. Rxf6 Re8
21. cxd3 Re1 22. a3 Rxd1+ 23. Qxd1 Kg7 24. Rf5 Re8 25. Ka2 Qe1 26. Qg4+ Kf8 27.
Rxc5 Qe3 28. Rc8 Qxd3 29. Rxe8+ Kxe8 30. Qc8+ Ke7 31. Qxb7+ Kf8 32. Qb4+ Kg8 33.
Qb8+ Kg7 34. Qe5+ Kg8 35. a4 Qc4+ 36. Ka3 Qd3+ 37. b3 Qf1 38. Qb8+ Kg7 39. g3
Qc1+ 40. Kb4 Qd2+ 41. Kc5 Qxh2 42. Qe5+ Kg8 43. g4 Qc2+ 44. Kb4 Qd2+ 45. Qc3
Qxf4+ 46. Qc4 Qd6+ 47. Kc3 h6 48. b4 Qg3+ 49. Kb2 Qg2+ 50. Kb3 Qg3+ 51. Kb2 Qg2+
52. Kb3 Qg3+ 53. Kb2 1/2-1/2

[Event "Euro Online U2300 Day 1"]
[Site "chess.com INT"]
[Date "2020.05.25"]
[Round "3"]
[White "Dmitrenko, Viktor"]
[Black "Ignatescu, Radu"]
[Result "1-0"]
[WhiteTitle "IM"]
[BlackTitle "FM"]
[WhiteElo "2456"]
[BlackElo "2294"]
[WhiteFideId "14110270"]
[BlackFideId "1202910"]
[EventDate "2020.05.25"]

1. d4 d5 2. Nf3 Nf6 3. c4 c6 4. Qc2 e6 5. cxd5 exd5 6. Nc3 Bd6 7. Bg5 O-O 8. e3
Nbd7 9. Bd3 h6 10. Bh4 Re8 11. O-O-O Qa5 12. Kb1 b5 13. Rc1 Ba6 14. Ne2 c5 15.
Bxf6 Nxf6 16. dxc5 Rec8 17. Qd2 Qxd2 18. Nxd2 Bxc5 19. Bf5 Rc7 20. Nb3 Bb6 21.
Rxc7 Bxc7 22. Rc1 Bb6 23. Ned4 b4 24. Nc6 Bc4 25. Nxb4 a5 26. Nc6 g6 27. Bc2 Ng4
28. Nd2 Nxf2 29. Nxc4 dxc4 30. Ne7+ Kg7 31. Nd5 Bd8 32. h3 Rb8 33. Rf1 Bh4 34.
Kc1 Rb5 35. e4 f5 36. Nc3 Re5 37. exf5 gxf5 38. Nd1 Bg5+ 39. Kb1 Ne4 40. Bxe4
fxe4 41. Nc3 e3 42. Re1 Rf5 43. Re2 Rf2 44. Kc2 Bf6 45. Kd1 Rf1+ 46. Re1 1-0

[Event "Euro Online U2300 Day 1"]
[Site "chess.com INT"]
[Date "2020.05.25"]
[Round "3"]
[White "Akhmetzjanov, Pavel"]
[Black "Kopsa, Petri"]
[Result "0-1"]
[WhiteElo "2140"]
[BlackElo "2048"]
[WhiteFideId "24158127"]
[BlackFideId "1706594"]
[EventDate "2020.05.25"]

1. e4 c5 2. Nc3 Nc6 3. f4 g6 4. Nf3 Bg7 5. d3 d6 6. Be2 e6 7. O-O Nge7 8. Qe1
Nd4 9. Bd1 Nxf3+ 10. Rxf3 Nc6 11. Ne2 O-O 12. c3 b5 13. g4 f5 14. g5 Bb7 15. Rh3
Qc7 16. Bb3 Rae8 17. Qh4 Bh8 18. Ng3 Na5 19. Bc2 c4 20. d4 Rf7 21. Bd2 Nc6 22.
d5 Nd8 23. dxe6 Rxe6 24. exf5 Qc6 25. Be4 Rxe4 26. fxg6 Re1+ 27. Kf2 Rfe7 28.
Ne4 R1xe4 29. gxh7+ Kf8 30. Be3 Rxe3 31. Rxe3 Qg2+ 32. Ke1 Rxe3+ 33. Kd1 Rd3+
34. Kc1 Qf1+ 35. Kc2 Qxa1 36. Qh6+ Ke7 37. Qh5 Qe1 38. a4 Qf2+ 39. Kb1 Qd2 40.
g6 Bg7 41. h8=Q Bxh8 42. Qh7+ Kf6 43. Qxh8+ Kf5 44. Qf8+ Kxg6 45. Qe8+ Nf7 46.
Qg8+ Kf6 0-1

[Event "Euro Online U2300 Day 1"]
[Site "chess.com INT"]
[Date "2020.05.25"]
[Round "3"]
[White "Altarbosh, Ward"]
[Black "Kniazev, Alexander V."]
[Result "1-0"]
[WhiteTitle "FM"]
[BlackTitle "FM"]
[WhiteElo "2234"]
[BlackElo "2236"]
[WhiteFideId "7601450"]
[BlackFideId "4144120"]
[EventDate "2020.05.25"]

1. e4 c5 2. Nf3 d6 3. d4 cxd4 4. Nxd4 Nf6 5. Nc3 g6 6. Be2 Bg7 7. Be3 Nc6 8. O-O
O-O 9. h3 Bd7 10. Qd2 Rc8 11. Rad1 a6 12. Nb3 b5 13. a3 Ne5 14. f4 Nc4 15. Bxc4
bxc4 16. Nd4 Qc7 17. Nf3 Bc6 18. Bd4 Qb7 19. Rde1 Rfd8 20. Qe2 Nh5 21. Bxg7 Kxg7
22. Qe3 Qxb2 23. Nd4 Qxa3 24. f5 Qc5 25. g4 Nf6 26. g5 Nh5 27. Qf2 Rf8 28. h4
Kh8 29. Qe3 Qe5 30. Nde2 d5 31. Rd1 dxe4 32. Rd4 gxf5 33. Nf4 Nxf4 34. Rxf4 e6
35. Ne2 Qc5 36. Qf2 Qe5 37. Qe3 Bb5 38. c3 Rcd8 39. Kf2 Ba4 40. h5 Rg8 41. h6
Rd5 42. Rh4 f6 43. Rxd5 exd5 44. gxf6 Qxf6 45. Rh2 Rf8 46. Nf4 Bc6 47. Rg2 a5
48. Qa7 Re8 49. Nh5 Qe7 50. Qd4+ Qe5 51. Qxe5+ Rxe5 52. Nf6 Re8 53. Rg7 e3+ 54.
Ke1 1-0

[Event "Euro Online U2300 Day 1"]
[Site "chess.com INT"]
[Date "2020.05.25"]
[Round "3"]
[White "Padalka, Artem"]
[Black "Loew, Gerald"]
[Result "1-0"]
[BlackTitle "FM"]
[WhiteElo "2203"]
[BlackElo "2152"]
[WhiteFideId "14118637"]
[BlackFideId "4615875"]
[EventDate "2020.05.25"]

1. d4 d6 2. Nf3 Nf6 3. g3 Nbd7 4. Bg2 e5 5. O-O Be7 6. c4 O-O 7. Nc3 c6 8. Qc2
Qc7 9. b4 a5 10. b5 cxb5 11. Nxb5 Qb8 12. Ba3 exd4 13. Nfxd4 Nc5 14. Nf5 Bxf5
15. Qxf5 Qc8 16. Qf4 Rd8 17. Rfd1 Qg4 18. Qxg4 Nxg4 19. Nc7 Rac8 20. Nd5 Bf8 21.
Bh3 f5 22. Rab1 Re8 23. e3 Ne4 24. Bxg4 fxg4 25. Rd4 h5 26. h4 gxh3 27. Rb2 h4
28. gxh4 Re5 29. Kh2 Nc5 30. Bxc5 dxc5 31. Rg4 Bd6 32. Kxh3 Rf8 33. f4 Re4 34.
Rxb7 Rf7 35. Rxg7+ Rxg7 36. Nf6+ Kf8 37. Rxg7 Rxe3+ 38. Rg3 Bxf4 39. Rxe3 Bxe3
40. Kg4 Bd4 41. Kf5 Kg7 42. Ne8+ Kh6 43. Nc7 Kh5 44. Ne6 Bf2 45. Ke4 Kxh4 46.
Kd5 Kg4 47. Nxc5 Kf5 48. Nb7 a4 49. c5 Bg3 50. Nd6+ Kg6 51. c6 1-0

[Event "Euro Online U2300 Day 1"]
[Site "chess.com INT"]
[Date "2020.05.25"]
[Round "3"]
[White "Kalogeris, Ioannis"]
[Black "Daianu, Cristian-Clement"]
[Result "1-0"]
[WhiteTitle "FM"]
[BlackTitle "FM"]
[WhiteElo "2312"]
[BlackElo "2224"]
[WhiteFideId "4239563"]
[BlackFideId "1208926"]
[EventDate "2020.05.25"]

1. e4 c5 2. Nf3 d6 3. Bb5+ Nc6 4. O-O Bd7 5. Re1 e6 6. Bxc6 Bxc6 7. d4 cxd4 8.
Nxd4 Nf6 9. Nc3 Be7 10. Qd3 Rc8 11. Qg3 O-O 12. Bh6 Ne8 13. Rad1 Kh8 14. Bf4 Qb6
15. Nxc6 Rxc6 16. b3 a6 17. Na4 Qa5 18. c4 b5 19. Bd2 Qc7 20. Nb2 Bf6 21. Bc3
Bxc3 22. Qxc3 Nf6 23. e5 dxe5 24. Qxe5 Qxe5 25. Rxe5 bxc4 26. Nxc4 Nd5 27. g3 g6
28. h4 h5 29. Kg2 Kg7 30. Kf3 Rb8 31. Rd2 Kf6 32. Re1 Rb5 33. Kg2 a5 34. Rd3 Nb4
35. Rf3+ Kg7 36. Rd1 Nd5 37. Rxf7+ Kxf7 38. Ne5+ Kf6 39. Nxc6 a4 40. bxa4 Rb2
41. Rd3 Rxa2 42. Rf3+ Kg7 43. a5 Nc7 44. Nd8 Kg8 45. Rf7 Nd5 46. Ra7 e5 47. Ra8
Kg7 48. a6 e4 49. Nc6 e3 50. a7 exf2 51. Re8 Nb6 52. Rb8 Nd5 53. Re8 Nb6 54.
Re7+ Kf6 55. Re3 Rc2 56. Nb4 Rc8 57. Ra3 Ke5 58. Ra6 Rf8 59. Kf1 Nc4 60. Nd3+
Kd5 61. Nxf2 Ra8 62. Nd3 Nd2+ 63. Ke2 Ne4 64. Nf4+ Kc5 65. Ne6+ Kc4 66. Nc7 1-0

[Event "Euro Online U2300 Day 1"]
[Site "chess.com INT"]
[Date "2020.05.25"]
[Round "3"]
[White "Sorin, Michael"]
[Black "Rama, Lorenc"]
[Result "0-1"]
[BlackTitle "FM"]
[WhiteElo "2219"]
[BlackElo "2212"]
[WhiteFideId "2805030"]
[BlackFideId "4700171"]
[EventDate "2020.05.25"]

1. Nf3 Nf6 2. d4 e6 3. e3 c5 4. Bd3 b6 5. O-O Bb7 6. b3 cxd4 7. Nxd4 a6 8. Bb2
d6 9. Nd2 Be7 10. c4 O-O 11. Rc1 Nc6 12. N2f3 Nxd4 13. exd4 d5 14. Ne5 Rc8 15.
Qf3 Rc7 16. Qh3 g6 17. f4 Ne4 18. Rce1 f5 19. g4 Bf6 20. Bxe4 dxe4 21. gxf5 gxf5
22. Re3 Rg7+ 23. Rg3 Rxg3+ 24. hxg3 Qe7 25. Qh2 Qg7 26. Kf2 Rd8 27. Ke3 Bxe5 28.
fxe5 Qg5+ 29. Rf4 Rd7 30. Qh4 Rg7 31. Qxg5 Rxg5 32. Kf2 e3+ 33. Kxe3 Rxg3+ 34.
Kd2 Rg2+ 35. Kc3 Be4 36. Ba3 Rxa2 37. Be7 a5 38. b4 a4 39. b5 Rc2+ 40. Kb4 a3
41. Kxa3 Rxc4 42. Rf1 Rxd4 43. Rg1+ Kf7 44. Bf6 f4 45. Rg7+ Kf8 46. Rg4 Bf5 47.
Rh4 Rd3+ 48. Kb4 f3 49. Rf4 Kf7 50. Bh4 Re3 51. Bf2 Re4+ 52. Rxe4 Bxe4 53. Bxb6
Kg6 54. Bg1 Kf5 55. Kc5 Kxe5 56. b6 h5 57. Bf2 Kf4 58. Kd6 e5 59. Ke6 Bb7 0-1

[Event "Euro Online U2300 Day 1"]
[Site "chess.com INT"]
[Date "2020.05.25"]
[Round "3"]
[White "Fus, Jakub"]
[Black "Musyuk, Lior"]
[Result "1-0"]
[WhiteTitle "FM"]
[BlackTitle "FM"]
[WhiteElo "2370"]
[BlackElo "2343"]
[WhiteFideId "1193023"]
[BlackFideId "2816784"]
[EventDate "2020.05.25"]

1. c4 c5 2. Nc3 Nc6 3. g3 Nf6 4. Bg2 e6 5. Nf3 d5 6. cxd5 exd5 7. d4 h6 8. O-O
Be7 9. dxc5 Bxc5 10. Na4 Be7 11. Be3 O-O 12. Rc1 Qa5 13. Qb3 Bd7 14. Nc5 Bxc5
15. Bxc5 Rfe8 16. e3 Ne4 17. Ba3 Rab8 18. Rfd1 Be6 19. Nd4 Nd2 20. Qc3 Qxc3 21.
Rxc3 Nc4 22. Nb5 Red8 23. b3 Nxa3 24. Nxa3 Nb4 25. Nb5 Nxa2 26. Rc7 a6 27. Ra1
Nb4 28. Nd4 Rdc8 29. Nxe6 fxe6 30. Re7 Re8 31. Rxe8+ Rxe8 32. Rc1 Nc6 33. e4 d4
34. e5 Nxe5 35. Bxb7 a5 36. f4 Nd3 37. Rc4 Rd8 38. Kf1 Nb4 39. Ke1 d3 40. Kd2 g5
41. fxg5 hxg5 42. Be4 Rf8 43. Bxd3 Rf2+ 44. Ke3 Rxh2 45. Rc8+ Kf7 46. Bc4 Rg2
47. Kf3 Rd2 48. Ra8 Nc6 49. Ke3 Rd6 50. Ke4 Rd4+ 51. Ke3 Rd6 52. Ra6 Kf6 53. Ke4
Rd4+ 54. Ke3 Rd6 55. Bb5 1-0

[Event "Euro Online U2300 Day 1"]
[Site "chess.com INT"]
[Date "2020.05.25"]
[Round "3"]
[White "Corvi, Marco"]
[Black "Bin-Nun, Peleg"]
[Result "1/2-1/2"]
[WhiteTitle "FM"]
[WhiteElo "2258"]
[BlackElo "2004"]
[WhiteFideId "801895"]
[BlackFideId "2802660"]
[EventDate "2020.05.25"]

1. c4 Nf6 2. Nc3 g6 3. Nf3 Bg7 4. g3 O-O 5. Bg2 c5 6. O-O Nc6 7. d4 cxd4 8. Nxd4
e5 9. Ndb5 Ne8 10. Be3 a6 11. Nd6 Nd4 12. Nxc8 Qxc8 13. b3 Nc7 14. Rc1 Nce6 15.
Nd5 Qd8 16. Bd2 Nc5 17. e3 Nc6 18. Bc3 e4 19. Bxg7 Kxg7 20. b4 Nd3 21. Bxe4 Nxc1
22. Qxc1 f6 23. Rd1 Rf7 24. Qc3 Rc8 25. Bd3 Ne5 26. Qb3 Qf8 27. f4 Nc6 28. a3
Ne7 29. Be4 Nxd5 30. Bxd5 Re7 31. e4 Qd8 32. Qb2 Qb6+ 33. Qf2 Qxf2+ 34. Kxf2 d6
35. g4 b5 36. Rd4 bxc4 37. Bxc4 Ra7 38. Ke3 Kf8 39. Kd3 Ke7 40. Rd5 a5 41. bxa5
Rc5 42. a6 Rxd5+ 43. exd5 Kd7 44. a4 Kc7 45. Kc3 Kb8 46. Kb4 Rc7 47. g5 fxg5 48.
fxg5 Ka7 49. a5 Rf7 50. Kb5 Rc7 51. Kb4 Kb8 52. Bb5 Rc5 53. Bc6 Ka7 54. Bb7 Rc1
55. Kb5 Rc5+ 56. Kb4 Rc2 57. Kb5 Rc5+ 58. Kb4 1/2-1/2

[Event "Euro Online U2300 Day 1"]
[Site "chess.com INT"]
[Date "2020.05.25"]
[Round "3"]
[White "Horak, Jiri1"]
[Black "Goltseva, Ekaterina"]
[Result "1/2-1/2"]
[BlackTitle "FM"]
[WhiteElo "2176"]
[BlackElo "2306"]
[WhiteFideId "303330"]
[BlackFideId "24173770"]
[EventDate "2020.05.25"]

1. e4 e5 2. Nf3 Nc6 3. Bb5 a6 4. Ba4 Nf6 5. d3 d6 6. h3 g6 7. Nbd2 Bg7 8. O-O
O-O 9. c3 Nh5 10. Re1 b5 11. Bb3 Na5 12. Bc2 c5 13. Nf1 Nc6 14. Ng3 Nxg3 15.
fxg3 Bb7 16. a4 d5 17. axb5 axb5 18. Rxa8 Bxa8 19. exd5 Qxd5 20. Bb3 Qd6 21. Ng5
Na5 22. Bc2 f5 23. Qe2 h6 24. Nf3 Re8 25. Nh4 Kh7 26. g4 Qf6 27. Nf3 e4 28. dxe4
fxe4 29. Nd2 e3 30. Nf3 Nc4 31. b3 Nd6 32. Bxe3 Qxc3 33. Qd3 Be4 34. Qxd6 Bxc2
35. Qxc5 Qxc5 36. Bxc5 Rxe1+ 37. Nxe1 Bxb3 38. Kf2 Bd5 39. Bb4 Bd4+ 40. Ke2 Bc4+
41. Kf3 Kg7 42. Ke4 Bb6 43. Nd3 Kf6 44. Bc3+ Ke6 45. Nf4+ Kf7 46. h4 Bc5 47. Nd3
Bxd3+ 48. Kxd3 h5 49. gxh5 gxh5 50. Ke4 Ke6 51. Kf4 Be7 52. g4 hxg4 53. Kxg4 1/2-1/2

[Event "Euro Online U2300 Day 1"]
[Site "chess.com INT"]
[Date "2020.05.25"]
[Round "3"]
[White "Lopez Varela, Pablo"]
[Black "Yanev, Pavel"]
[Result "0-1"]
[WhiteElo "2177"]
[BlackElo "2267"]
[WhiteFideId "32092105"]
[BlackFideId "2910756"]
[EventDate "2020.05.25"]

1. e4 c5 2. d4 cxd4 3. c3 Nf6 4. e5 Nd5 5. Nf3 Nc6 6. Bc4 Nb6 7. Bb3 d5 8. exd6
Qxd6 9. O-O Be6 10. Na3 Bxb3 11. axb3 e6 12. Nb5 Qd7 13. Nbxd4 Nxd4 14. Nxd4 Bc5
15. Be3 Nd5 16. b4 Nxe3 17. fxe3 Bb6 18. c4 O-O 19. c5 Bc7 20. Qf3 Be5 21. Rad1
Qc7 22. h3 a6 23. Rf2 Rad8 24. Rfd2 Bf6 25. Kf2 Rd5 26. e4 Rd7 27. Nb3 Rfd8 28.
Rxd7 Rxd7 29. Rxd7 Qxd7 30. Qe2 Qa4 31. Qc4 Qa2 32. Qc2 Qa4 33. Qc4 Bxb2 34. Na5
Qd7 35. Ke3 g6 36. c6 bxc6 37. Nxc6 Qc7 38. Kf3 Qb6 39. Qc5 Qxc5 40. bxc5 Ba3
41. Nb8 Bxc5 42. Nxa6 Bd6 43. Ke3 Kf8 44. Kd4 e5+ 45. Kd5 Ke7 46. g3 f5 47. exf5
gxf5 48. g4 fxg4 49. hxg4 h6 50. Ke4 Ke6 51. Ke3 Kd5 52. Kd3 e4+ 53. Ke3 Ke5 54.
Ke2 Kf4 55. Kf2 Kxg4 56. Ke3 Kf5 57. Kd4 h5 58. Kd5 e3 59. Kxd6 e2 0-1